Państwa kontrolujące Niemcy z 1939 - Statystyki

Ogólne statystyki
  • Ten quiz został rozwiązany 20 razy
  • Średni wynik to 5 z 6
Statystyki odpowiedzi
Państwa % Poprawnych
Polska
100%
Austria
95%
Czechy
95%
Litwa
60%
Rosja
60%
Niemcy
50%
Nie znaleziono quizów pasujących do podanych kryteriów
Rozkład punktacji
Procent ludzi z każdym wynikiem
Percentyl według liczby udzielonych odpowiedzi
Twoja historia wyników
Nie rozwiązałeś tego quizu